[Event "ch-Euro IBCA"]
[Site "Durham ENG"]
[Date "2007.08.16"]
[Round "3"]
[White "Smirnov,SN"]
[Black "Grigorchuk,S"]
[Result "1/2-1/2"]
[WhiteElo "2201"]
[BlackElo "2235"]

1.Nf3 Nf6 2.c4 c5 3.Nc3 e6 4.g3 b6 5.Bg2 Bb7 6.O-O Be7 7.d4 cxd4 8.Qxd4 d6
9.Rd1 a6 10.Bg5 Nbd7 11.Qd2 O-O 12.Bf4 Rc8 13.Bxd6 Bxd6 14.Qxd6 Rxc4 15.Ne5 Rc7
16.Bc6 Ne8 17.Qd4 Bxc6 18.Nxc6 Rxc6 19.Qxd7 Qxd7 20.Rxd7 Nd6 21.Rd1 Nc4 22.Rb1 Nxb2
23.Rxb2 Rxc3 24.Rxb6 Ra3 25.Rb2 g6 26.Kg2 h5 27.e4 Rc8 28.e5 Kg7 29.f4 Kg8
30.Kh3 Kg7 31.Ra7 Rd8 32.Rbb7 Rf8 33.Rb6 Re8 34.Rbxa6 Rxa6 35.Rxa6 Rc8 36.a4 Rc2
37.Ra8 Ra2 38.a5 Kh7 39.a6 Kg7 40.a7 Kh7 41.Kh4 Kg7 42.h3 Ra3 43.g4 hxg4
44.hxg4 Ra1  1/2-1/2

[Event "Independence Cup A"]
[Site "Kyiv UKR"]
[Date "2007.08.19"]
[Round "7"]
[White "Neronov,B"]
[Black "Grinev,V"]
[Result "0-1"]
[WhiteElo "2031"]
[BlackElo "2242"]

1.c4 Nf6 2.Nc3 c5 3.Nf3 b6 4.g3 Bb7 5.Bg2 e6 6.O-O Be7 7.e3 O-O 8.d4 d5 9.cxd5 Nxd5
10.Nxd5 Bxd5 11.b3 Nc6 12.Bb2 cxd4 13.Nxd4 Bxg2 14.Kxg2 Nxd4 15.Qxd4 Qxd4
16.Bxd4 Ba3 17.f4 Rac8 18.Rf2 Rfd8 19.Raf1 f6 20.Kf3 Kf7 21.g4 Rd5 22.h4 h6
23.Rg2 Be7 24.Ke4 h5 25.g5 f5+ 26.Kf3 Rd7 27.Rff2 g6 28.Rd2 Ke8 29.Bb2 Rdc7
30.e4 Bb4 31.Rde2 Kf7 32.exf5 exf5 33.Re3 Rc2 34.Rge2 Rxe2 35.Rxe2 Rd8 36.Rc2 Rd3+
37.Ke2 Rh3 38.Rc7+ Ke6 39.Be5 Rxh4 40.Rxa7 Rh2+ 41.Kf3 h4 42.Bd4 Bd6 43.Be3 Kd5
44.Ra4 b5 45.Rd4+ Ke6 46.a4 Rh3+ 47.Kf2 Rxe3 48.Rxd6+ Kxd6 49.Kxe3 bxa4 50.bxa4 Kc5
51.Kf3 Kb4 52.Kg2 Kxa4 53.Kh3 Kb4 54.Kxh4 Kc4 55.Kg3 Kd4  0-1

[Event "1st Serbian League Men"]
[Site "Zlatibor SRB"]
[Date "2007.08.20"]
[Round "9"]
[White "Bogosavljevic,B"]
[Black "Dragojlovic,A"]
[Result "0-1"]
[WhiteElo "2491"]
[BlackElo "2432"]

1.Nf3 g6 2.c4 Nf6 3.Nc3 c5 4.d4 cxd4 5.Nxd4 Nc6 6.g3 Bg7 7.Bg2 Nxd4 8.Qxd4 d6
9.c5 O-O 10.cxd6 Ne8 11.Qh4 Nxd6 12.O-O Nf5 13.Qe4 Nd6 14.Qf4 Be6 15.Rd1 Qb6
16.Nd5 Bxd5 17.Bxd5 Nf5 18.Qe4 e6 19.Bb3 Rfd8 20.Bg5 Rd4 21.Rxd4 Nxd4 22.Qd3 Nxb3
23.axb3 a6 24.Be3 Qd8 25.Qe4 Qd7 26.Ra4 Rc8 27.Qb1 Qd5 28.Rb4 b5 29.Qa1 Rc6
30.h4 h5 31.Kh2 e5 32.Qb1 f5 33.Qa2 Bf8 34.Qa5 Qd6 35.Bd2 Qxd2 36.Rxb5 Qxe2
37.Rxe5 Qxf2+ 38.Kh3 Qf1+  0-1

[Event "1st Serbian League Men"]
[Site "Zlatibor SRB"]
[Date "2007.08.21"]
[Round "1"]
[White "Grujic,Z"]
[Black "Djuric,S"]
[Result "1/2-1/2"]
[WhiteElo "2362"]
[BlackElo "2472"]

1.Nf3 c5 2.c4 Nf6 3.Nc3 d5 4.cxd5 Nxd5 5.Qa4+ Nc6 6.Ne5 Qc7 7.Nxc6 Nxc3 8.dxc3 Bd7
9.e4 Qxc6 10.Qc2 Qg6 11.f3 Bc6 12.a4 a6 13.Be3 e6 14.Bc4 Be7 15.O-O O-O 16.Qf2 Rac8
17.a5 Qh5 18.Bf4 Kh8 19.Qe2 Qh4 20.Qe3 Qh5 21.Rfd1 Qg6 22.Bd6 Bxd6  1/2-1/2

[Event "X Open"]
[Site "Banyoles ESP"]
[Date "2007.08.22"]
[Round "7"]
[White "Pogorelov,R"]
[Black "Priyadharshan,K"]
[Result "1/2-1/2"]
[WhiteElo "2453"]
[BlackElo "2248"]

1.Nf3 Nf6 2.c4 c5 3.Nc3 e6 4.g3 b6 5.Bg2 Bb7 6.O-O Be7 7.Re1 Ne4 8.Nxe4 Bxe4
9.d3 Bb7 10.e4 O-O 11.d4 cxd4 12.Nxd4 d6 13.b3 a6 14.Bb2 Nd7 15.Qe2 Qc7 16.Kh1 Rfe8
17.f4 Bf6 18.Rad1 Rad8 19.Rd2 g6 20.Nf3 Bxb2 21.Rxb2 Nc5 22.Qc2 f5 23.exf5 exf5
24.Rxe8+ Rxe8 25.Qc3 Qe7 26.Ng1 Bxg2+ 27.Kxg2 Qe3 28.Qxe3 Rxe3 29.Re2 Rd3
30.Nh3 Ne4 31.Nf2 Nxf2 32.Kxf2 Kf7 33.Rc2 Rd1 34.Ke2 Rh1 35.Kd3 Ke6 36.Kc3 a5
37.Kb2 Kd7 38.Re2 h6 39.Ka3 Kc6 40.Re6 g5 41.Rxh6 gxf4 42.gxf4 Rf1 43.h4 Rxf4
44.Rh8 Rf2 45.h5 Rh2 46.h6 f4 47.b4 axb4+ 48.Kxb4 f3 49.Rf8 Rxh6 50.Rxf3  1/2-1/2

[Event "VIII Open"]
[Site "Tarragona ESP"]
[Date "2007.08.22"]
[Round "5"]
[White "Pros Heras,J"]
[Black "Del Rio Angelis,S"]
[Result "0-1"]
[WhiteElo "2123"]
[BlackElo "2506"]

1.Nf3 c5 2.c4 Nf6 3.Nc3 e6 4.g3 b6 5.Bg2 Bb7 6.O-O d5 7.cxd5 Nxd5 8.Re1 Nd7
9.e4 Nxc3 10.dxc3 Be7 11.e5 O-O 12.Qa4 Qc7 13.Qf4 b5 14.c4 bxc4 15.Nd2 Bxg2
16.Kxg2 c3 17.bxc3 c4 18.Qxc4 Rfc8 19.Qxc7 Rxc7 20.Ne4 Nb6 21.Be3 Nd5 22.Bd4 f5
23.exf6 gxf6 24.f4 Kf7 25.Rab1 Rd8 26.Rb3 Rdd7 27.Kf3 a5 28.a4 Rc4 29.Ra1 Nb4
30.Be3 Rd3 31.Nd2 Rcxc3 32.Rxc3 Rxc3 33.Nf1 Nc2 34.Rc1 Ba3 35.Rb1 Bc5 36.Rb7+ Kg6
37.Rc7 Nxe3  0-1

[Event "1st Serbian League Women"]
[Site "Zlatibor SRB"]
[Date "2007.08.22"]
[Round "2"]
[White "Olarasu,G"]
[Black "Rakic,Ma"]
[Result "1-0"]
[WhiteElo "2283"]
[BlackElo "2247"]

1.Nf3 Nf6 2.c4 c5 3.Nc3 e6 4.g3 b6 5.Bg2 Bb7 6.O-O Be7 7.Re1 d6 8.e4 a6 9.b3 O-O
10.d4 cxd4 11.Nxd4 Qc7 12.Bb2 Nbd7 13.Rc1 Rac8 14.Qe2 Rfd8 15.Nb1 g6 16.Nd2 Nh5
17.N4f3 Bf8 18.b4 Qb8 19.a3 Bh6 20.Nd4 Nhf6 21.N4b3 Qa8 22.Rcd1 a5 23.bxa5 bxa5
24.Bc3 a4 25.Na5 e5 26.Nxb7 Qxb7 27.Ba5 Re8 28.Bb4 Qc6 29.Bf1 Nc5 30.Nb1 Bf8
31.Nc3 Red8 32.Qc2 Nb3 33.Re3 Ng4 34.Red3 Nd4 35.Qxa4 Qxa4 36.Nxa4 Rxc4 37.Rc3 Rc6
38.Rxc6 Nxc6 39.Nc3 Nf6 40.f3 Nd4 41.Kf2 d5 42.Nxd5 Nxd5 43.exd5 Rxd5 44.Rc1 Rd8
45.Bxf8 Kxf8 46.a4 Rb8 47.Bb5 Nxb5 48.Rb1 Ke7 49.axb5 Kd6 50.Ke3 Kc5 51.Ke4 f6
52.Rc1+ Kd6 53.Rc6+ Kd7 54.Rxf6 Rxb5 55.h4 Ke7 56.Ra6 Kf7 57.g4 h5 58.g5 Rc5
59.Rf6+ Kg7 60.Rd6 Kf7 61.Rd5 Rc4+ 62.Kxe5 Rxh4 63.Rd7+ Ke8 64.Rg7 Rh3 65.Ke4 Rh4+
66.f4 Rg4 67.Rxg6 h4 68.Rh6 Kf7 69.Kf5 Rg2 70.Rxh4 Ra2 71.Rh7+ Kg8 72.Rb7 Ra5+
73.Kg6 Ra6+ 74.Kh5 Ra5 75.Kh6 Ra2 76.f5 Kf8 77.Rb8+ Kf7 78.g6+ Kf6 79.Rf8+ Ke7
80.Rf7+ Ke8 81.Kg7  1-0

[Event "1st Serbian League Men"]
[Site "Zlatibor SRB"]
[Date "2007.08.25"]
[Round "5"]
[White "Damljanovic,B"]
[Black "Markus,Rob"]
[Result "1/2-1/2"]
[WhiteElo "2606"]
[BlackElo "2586"]

1.c4 Nf6 2.Nf3 c5 3.Nc3 e6 4.g3 b6 5.Bg2 Bb7 6.O-O Be7 7.Re1 d6 8.e4 Nbd7
9.d4 cxd4 10.Nxd4 Qc7 11.Ndb5 Qb8 12.Bf4 Ne5 13.b3 O-O 14.h3 a6 15.Nd4 Qc7
16.Rc1 Rad8 17.g4 Nfd7 18.Bg3 Ng6 19.Rf1 Bg5 20.f4 Nxf4 21.Bxf4 Bxf4 22.Rxf4 e5
23.Rf2 exd4 24.Qxd4 Rfe8 25.Rd2 Re6 26.Re1 Rde8 27.Re3 Qd8 28.Rf2 Bc6 29.Ne2 Qg5
30.Rf5 Qe7 31.Nf4 Re5 32.Nd3 Rxf5 33.gxf5 Qg5 34.Kh2 g6 35.Rg3 Qe7 36.Nf2 Qe5
37.Qxe5 Nxe5 38.Rc3 Kg7 39.Kg3 Kf6 40.fxg6 hxg6 41.Rc2 Bd7 42.Rd2 Ke7 43.Nd1 Be6
44.Ne3 Rc8 45.Bf1 Rc5 46.Be2 Nc6 47.h4 Ne5 48.Kf4 Rc8 49.Kg3 Nd7 50.Rd4 Rh8
51.Rd1 Nc5 52.Bf3 a5 53.Rd2 Rb8 54.Nc2 Bd7 55.Nd4 Ne6 56.Ne2 Rc8 57.Nc3 Bc6
58.Bg4 Ra8  1/2-1/2

[Event "27th Open"]
[Site "Bratto ITA"]
[Date "2007.08.26"]
[Round "4"]
[White "Efimov,Ig"]
[Black "Vezzosi,P"]
[Result "1-0"]
[WhiteElo "2426"]
[BlackElo "2302"]

1.Nf3 Nf6 2.c4 c5 3.Nc3 b6 4.e4 d6 5.d4 cxd4 6.Nxd4 Bb7 7.Bg5 Nxe4 8.Nxe4 Bxe4
9.Qe2 Bb7 10.O-O-O Qd7 11.Nb5 e5 12.f4 Nc6 13.fxe5 Nxe5 14.Bf4 f6 15.Qd2 Rd8
16.Nxa7 Be7 17.Nb5 O-O 18.Kb1 Be4+ 19.Ka1 Rfe8 20.h4 Qb7 21.Nc3 Kh8 22.Nxe4 Qxe4
23.Qd4 Qc6 24.Rh3 Ra8 25.Qd5 Qc7 26.Bd2 Bf8 27.h5 Qc5 28.Rb3 Ra4 29.Be3 Qa5
30.Qxa5 bxa5 31.c5 Re7 32.c6 Rb4 33.Rc3  1-0

[Event "1st Serbian League Men"]
[Site "Zlatibor SRB"]
[Date "2007.08.26"]
[Round "6"]
[White "Djuric,S"]
[Black "Martinovic,Sl"]
[Result "1/2-1/2"]
[WhiteElo "2472"]
[BlackElo "2447"]

1.Nf3 c5 2.c4 Nf6 3.Nc3 g6 4.d4 cxd4 5.Nxd4 Nc6 6.g3 Bg7 7.Bg2 O-O 8.O-O Ng4
9.e3 Nxd4 10.exd4 Nh6 11.c5 d6 12.Bg5 Nf5 13.cxd6 Qxd6 14.d5 Bd7 15.Re1 Rfe8
16.Qd2 Rac8 17.Rad1 Qb4 18.Re4 Rc4 19.a3 Qb3 20.Rxc4 Qxc4 21.Re1 b6 22.Re4 Qc7
23.Qe1 e5 24.dxe6 Rxe6 25.Nd1 Qd6 26.Rxe6 Qxe6  1/2-1/2

[Event "27th Open"]
[Site "Bratto ITA"]
[Date "2007.08.27"]
[Round "5"]
[White "Borgo,G"]
[Black "Hoffmann,Mi1"]
[Result "0-1"]
[WhiteElo "2429"]
[BlackElo "2481"]

1.c4 Nf6 2.Nc3 c5 3.Nf3 e6 4.e4 Nc6 5.d4 cxd4 6.Nxd4 Bb4 7.Nxc6 bxc6 8.Bd3 e5
9.Qc2 O-O 10.O-O Bc5 11.Bg5 h6 12.Bh4 d6 13.Kh1 g5 14.Bg3 Nh5 15.Be2 g4 16.Rad1 Qg5
17.Na4 Bd4 18.c5 d5 19.exd5 cxd5 20.Rxd4 Nxg3+ 21.hxg3 exd4 22.b4 Re8 23.Bd3 h5
24.Qc1 Qf6 25.Kg1 Kg7 26.Qf4 Qxf4 27.gxf4 h4 28.c6 g3 29.b5 Kf6 30.Nc5 Bf5
31.a4 Bxd3 32.Nxd3 Re2 33.fxg3 hxg3 34.a5 Rd2 35.Ne5 Rb2 36.b6 axb6 37.axb6 Raa2
38.Re1 Re2 39.Kf1 Rxg2 40.Nd3 Rh2 41.Kg1 Rag2+ 42.Kf1 Rc2 43.Kg1 Rxc6 44.Ne5 Rcc2
45.b7 Rcg2+ 46.Kf1 Rb2 47.Kg1 Rxb7 48.Ng4+ Kf5 49.Nxh2 gxh2+ 50.Kxh2 Kxf4  0-1

[Event "1st Serbian League Men"]
[Site "Zlatibor SRB"]
[Date "2007.08.28"]
[Round "7"]
[White "Grujic,Z"]
[Black "Cabrilo,G"]
[Result "0-1"]
[WhiteElo "2362"]
[BlackElo "2496"]

1.Nf3 c5 2.c4 Nf6 3.Nc3 b6 4.g3 Bb7 5.Bg2 g6 6.O-O Bg7 7.d4 cxd4 8.Qxd4 d6
9.Rd1 Nbd7 10.Be3 Rc8 11.Rac1 O-O 12.Qh4 a6 13.b3 Re8 14.Bh6 Rc5 15.Ng5 Bxg2
16.Kxg2 b5 17.Nd5 Qa8 18.Kg1 bxc4 19.Nxf6+ Nxf6 20.Bxg7 Kxg7 21.Rxc4 Rec8
22.Rdd4 h6 23.Nf3 g5 24.Qh3 Rxc4 25.bxc4 Qb8 26.Qf5 Rc5 27.Qc2 d5 28.Qb3 Qxb3
29.axb3 dxc4 30.bxc4 a5 31.Nd2 a4 32.Rd3 Ra5 33.Ra3 Nd7 34.Nb3 Ra6 35.Nc1 Nc5
36.Nd3 Nxd3 37.exd3 e5 38.f3 Kf6 39.Kf2 Ke6 40.Ke3 Kd6 41.d4 exd4+ 42.Kxd4 Kc6
43.h4 gxh4 44.gxh4 h5 45.f4 Kd6 46.c5+ Kc6 47.Kc4 Ra8 48.f5 Rg8 49.Kd4 Rg4+
50.Ke5 Rxh4 51.Kf6 Kxc5 52.Kg5 Rd4 53.Kxh5 Kb4  0-1

[Event "15th Open"]
[Site "Nikea GRE"]
[Date "2007.08.30"]
[Round "9"]
[White "Abatzidis,S"]
[Black "Aggeli,E"]
[Result "1-0"]
[WhiteElo "2039"]
[BlackElo "1858"]

1.Nf3 Nf6 2.c4 c5 3.Nc3 g6 4.b3 Bg7 5.Bb2 O-O 6.g3 Nc6 7.Bg2 b6 8.d3 Bb7
9.e3 Qc7 10.a3 a6 11.O-O e5 12.Qc2 Ne8 13.Nd5 Qd8 14.h3 f5 15.Nd2 d6 16.Bc3 Nf6
17.b4 Rb8 18.Kh2 Ne7 19.e4 Nexd5 20.exd5 Bc8 21.f4 Qe7 22.Rae1 Nd7 23.Nf3 h6
24.Re2 Qf6 25.Rfe1 Re8 26.Qd2 g5 27.fxe5 dxe5 28.Qb2 Qg6 29.Nxe5 Nxe5 30.Bxe5 Bxe5
31.Rxe5 Rxe5 32.Rxe5 cxb4 33.Qxb4 f4 34.g4 Bd7 35.Be4 Qf6 36.Qe7 Qxe7 37.Rxe7 Ba4
38.Re6 Rf8 39.Rg6+ Kh8 40.Rxh6+ Kg8 41.Rg6+ Kh8 42.Rxg5 f3 43.Bf5 Re8 44.Kg3 Bd1
45.Be4 Be2 46.Rg6 Rf8 47.Kf2 Rb8 48.Rf6 b5 49.Bxf3 Bxd3 50.Be2 bxc4 51.Bxd3 cxd3
52.Ke3 Rb3 53.Rxa6 d2+ 54.Kxd2 Rxh3 55.d6 Rh6 56.g5 Rh5 57.Ke3 Kg7 58.Ra8 Rh3+
59.Ke4 Rh4+ 60.Ke5  1-0

[Event "26th OCF NAO Fide Open"]
[Site "Stillwater USA"]
[Date "2007.09.01"]
[Round "4"]
[White "Gossell,T"]
[Black "Fernandez,Jai"]
[Result "1-0"]
[WhiteElo "2238"]
[BlackElo "2078"]

1.Nf3 c5 2.c4 Nf6 3.Nc3 d5 4.cxd5 Nxd5 5.e4 Nxc3 6.dxc3 Qxd1+ 7.Kxd1 Nc6
8.Kc2 Bg4 9.Bb5 Bd7 10.Be3 e6 11.a4 a6 12.Be2 Be7 13.Nd2 Na5 14.Rhd1 Rd8
15.f3 O-O 16.Bf4 Nc6 17.Nc4 f5 18.Bc7  1-0

[Event "1st Serbian League Men"]
[Site "Zlatibor SRB"]
[Date "2007.09.01"]
[Round "11"]
[White "Markus,Rob"]
[Black "Sedlak,N"]
[Result "1/2-1/2"]
[WhiteElo "2586"]
[BlackElo "2590"]

1.c4 c5 2.Nf3 Nf6 3.Nc3 b6 4.g3 Bb7 5.Bg2 g6 6.O-O Bg7 7.d4 cxd4 8.Qxd4 d5
9.Rd1 Nbd7 10.Qh4 h6  1/2-1/2

[Event "FSIM September"]
[Site "Budapest HUN"]
[Date "2007.09.03"]
[Round "3"]
[White "Paschall,W"]
[Black "Molner,M"]
[Result "1-0"]
[WhiteElo "2353"]
[BlackElo "2293"]

1.Nf3 Nf6 2.c4 c5 3.Nc3 e6 4.g3 Be7 5.Bg2 O-O 6.d4 cxd4 7.Nxd4 a6 8.O-O Qc7
9.Bf4 d6 10.Nb3 Nbd7 11.Rc1 Ne5 12.Qd4 Nxc4 13.Na4 b5 14.Bxa8 e5 15.Qd3 exf4
16.Bg2 fxg3 17.hxg3 Qb8 18.Nc3 Nxb2 19.Qb1 Nc4 20.Rcd1 Bb7 21.Nd5 Nxd5 22.Bxd5 Bxd5
23.Rxd5 Nb6 24.Rdd1 d5 25.Qf5 g6 26.Qf3 Qd6 27.Kg2 Qa3 28.Rh1 Qxa2 29.Qe3 Nc4
30.Qh6  1-0

[Event "FSIM September"]
[Site "Budapest HUN"]
[Date "2007.09.05"]
[Round "5"]
[White "Paschall,W"]
[Black "Bednay,B"]
[Result "1/2-1/2"]
[WhiteElo "2353"]
[BlackElo "2277"]

1.Nf3 Nf6 2.c4 c5 3.Nc3 e6 4.g3 b6 5.Bg2 Bb7 6.O-O Be7 7.Re1 d6 8.e4 O-O
9.d4 cxd4 10.Nxd4 Qc8 11.Be3 Nc6 12.Nxc6 Bxc6 13.b4 Rd8 14.Rc1 Qd7 15.Qe2 Rac8
16.f4 Ba8 17.Red1 d5 18.e5 Ne8 19.a3 Nc7 20.Qa2 Qe8 21.cxd5 Nxd5 22.Nxd5 Bxd5
23.Bxd5 Rxc1 24.Bxc1 exd5 25.Rxd5 Qc6 26.Rxd8+ Bxd8 27.Qd2 Be7 28.Bb2 h6
29.Qd3 h5 30.h4 b5 31.f5 a5 32.Qc3 Qd5 33.e6 Bf6 34.Qc8+ Kh7 35.Qd7 Qe4 36.Qd1 Bxb2
37.Qxh5+ Kg8 38.Qxf7+ Kh7 39.e7 Bd4+ 40.Kh2 Qe2+ 41.Kh3 Qf1+ 42.Kg4 Qe2+  1/2-1/2

[Event "4th LGA Premium Cup"]
[Site "Nuernberg GER"]
[Date "2007.09.07"]
[Round "3"]
[White "Reich,T"]
[Black "Safyanovsky,M"]
[Result "1/2-1/2"]
[WhiteElo "2427"]
[BlackElo "2305"]

1.Nf3 c5 2.c4 Nf6 3.Nc3 b6 4.g3 Bb7 5.Bg2 g6 6.O-O Bg7 7.d4 cxd4 8.Qxd4 d6
9.Rd1 Nbd7 10.Be3 Rc8 11.Rac1 h6 12.h3 O-O 13.Qd2 Rxc4 14.Bxh6 Qa8 15.Bxg7 Kxg7
16.Qe3 Re8 17.Nb5 Nd5 18.Qa3 Rxc1 19.Rxc1 a6 20.Nc7 Nxc7 21.Rxc7 Nf6 22.Qc3 Rc8
23.h4  1/2-1/2

[Event "60th ch-RUS Higher League"]
[Site "Krasnoyarsk RUS"]
[Date "2007.09.08"]
[Round "5"]
[White "Ovetchkin,R"]
[Black "Kostin,Alexe"]
[Result "1/2-1/2"]
[WhiteElo "2557"]
[BlackElo "2434"]

1.Nf3 c5 2.c4 Nf6 3.Nc3 e6 4.g3 b6 5.Bg2 Bb7 6.O-O d6 7.b3 Be7 8.Bb2 a6 9.e3 O-O
10.Qe2 Nbd7 11.d3 Qc7 12.Rad1 d5 13.cxd5 Nxd5 14.Nxd5 Bxd5 15.e4 Bc6 16.Qc2 Qb7
17.Rfe1 Rac8 18.d4 cxd4 19.Nxd4 Bf6 20.Ba3 Rfe8 21.Qe2 Bxd4 22.Rxd4 e5 23.Rd2 Nc5
24.f3 Bd7 25.Red1 Be6 26.Bf1 b5 27.Bb4 a5 28.Bxc5 Rxc5 29.Rd8 Kf8 30.Qe3 Qe7
31.Rxe8+ Kxe8 32.Rc1 Rxc1 33.Qxc1 Qa7+ 34.Kg2 Bd7 35.Qg5 f6 36.Qh5+ Kf8 37.Qxh7 Qe3
38.Qh8+ Kf7 39.Qd8 Qd2+ 40.Kg1 Qd4+ 41.Kh1 Qd1 42.Kg1 a4 43.bxa4  1/2-1/2

[Event "4th LGA Premium Cup"]
[Site "Nuernberg GER"]
[Date "2007.09.08"]
[Round "5"]
[White "Renner,Christo"]
[Black "Schatz,C"]
[Result "1/2-1/2"]
[WhiteElo "2410"]
[BlackElo "2225"]

1.Nf3 Nf6 2.c4 c5 3.Nc3 g6 4.d4 cxd4 5.Nxd4 Bg7 6.e4 d6 7.Be2 O-O 8.O-O Nc6
9.Nc2 Nd7 10.Re1 Nc5 11.Bf1 a5 12.Bg5 h6 13.Bh4 a4 14.Rc1 Be6 15.Qd2 Re8
16.Na3 Qa5 17.f3 Qb4 18.Rc2 Nd4 19.Rcc1 Nc6 20.Rc2 Nd4 21.Nd5 Qxd2 22.Rxd2 Bxd5
23.cxd5 g5 24.Bf2 e5 25.dxe6 Ncxe6 26.Red1 Nc6 27.Nc4 Red8 28.Bb6 Rd7 29.Rxd6 Rxd6
30.Rxd6 Ne5 31.Ne3 Rc8 32.Bb5 Bf8 33.Rd5 Rc1+ 34.Kf2 Nc6 35.a3 Rb1 36.Nd1 Nf4
37.Rd2 Bxa3 38.Bxa4 Bb4 39.Rd7 Ne5 40.Rd8+ Kh7 41.Bd4 Bc5 42.Bc2 Rc1 43.Ne3 Ne6
44.Bxc5 Nxd8 45.Bd4 Nc4 46.Bb3 Nxe3 47.Kxe3 Ne6 48.Bc3 Rg1 49.Kf2 Rh1 50.Be5 Kg6
51.Bd5 b6 52.Bc4 Rc1 53.Bd5 Nc5 54.Ke2 Rc2+ 55.Kf1 Nd3 56.Bd4 Rc1+ 57.Ke2 Nf4+  1/2-1/2

[Event "KNSB TCh-NED 2007-8"]
[Site "Netherlands NED"]
[Date "2007.09.15"]
[Round "1"]
[White "Ernst,S"]
[Black "Leenhouts,K"]
[Result "1-0"]
[WhiteElo "2555"]
[BlackElo "2395"]

1.Nf3 Nf6 2.c4 e6 3.Nc3 c5 4.d4 cxd4 5.Nxd4 Nc6 6.Ndb5 d6 7.Bf4 e5 8.Bg5 a6
9.Na3 Be6 10.Qd2 Be7 11.g3 O-O 12.Bg2 Na5 13.O-O Rc8 14.Bxf6 Bxf6 15.b3 Nc6
16.Ne4 Be7 17.Rfd1 Qb6 18.Nc2 Rcd8 19.Nc3 Rd7 20.Nd5 Qa7 21.Ncb4 Nxb4 22.Nxe7+ Rxe7
23.Qxb4 Qc5 24.Qxc5 dxc5 25.Rd6 Rc7 26.Rad1 Re8 27.a4 Kf8 28.a5 Ke7 29.Rb6 Bc8
30.Rd5 f6 31.f4 exf4 32.gxf4 Rd8 33.Kf2 f5 34.Re5+ Kf8 35.Bd5 Re8 36.Rxe8+ Kxe8
37.Bg8 h6 38.Bd5 Re7 39.Rd6 Rd7 40.Rg6 Re7 41.Kf3 Kf8 42.Rd6 Ke8 43.h4 Rc7
44.e4 fxe4+ 45.Bxe4 Ke7 46.Rg6 Kf8 47.Rd6 Ke7 48.Rb6 Kd8 49.f5  1-0

[Event "16th Monarch Assurance"]
[Site "Port Erin IOM"]
[Date "2007.09.23"]
[Round "2"]
[White "Kolbus,D"]
[Black "Mannion,S"]
[Result "1-0"]
[WhiteElo "2384"]
[BlackElo "2359"]

1.c4 Nf6 2.Nc3 c5 3.Nf3 b6 4.e4 d6 5.d4 cxd4 6.Nxd4 Bb7 7.Qe2 g6 8.g3 Bg7
9.Bg2 O-O 10.O-O Nbd7 11.Rd1 Ne8 12.b3 Rc8 13.Bb2 Nc5 14.Bh3 Rb8 15.b4 Nd7
16.Rac1 Nc7 17.a3 a6 18.Rc2 e6 19.Nb3 Qe7 20.Rcd2 Ne8 21.f4 Rd8 22.Qe3 Bc6
23.Bg2 Rc8 24.a4 Ba8 25.Bf1 Rc7 26.b5 a5 27.Ba3 Bxc3 28.Qxc3 Bxe4 29.Rxd6 Nxd6
30.Bxd6 Qd8 31.Bxc7 Qxc7 32.Qd4 Nc5 33.Nxc5 Qxc5 34.Qxc5 bxc5 35.Rd6 Bc2
36.Ra6 Bxa4 37.Rxa5 Bb3 38.Ra3 Bc2 39.Kf2 Kg7 40.Ke3 Kf6 41.Bg2 Rb8 42.Ra6 Ke7
43.Ra7+ Kd6 44.Rxf7 h5 45.Ra7 Rh8 46.Ra6+ Kd7 47.Bc6+ Ke7 48.Ra7+  1-0

[Event "George Trundle NZ IM"]
[Site "Auckland NZL"]
[Date "2007.09.25"]
[Round "4"]
[White "Johansen,D"]
[Black "Croad,N"]
[Result "1/2-1/2"]
[WhiteElo "2446"]
[BlackElo "2308"]

1.c4 Nf6 2.Nc3 c5 3.Nf3 b6 4.g3 Bb7 5.Bg2 e6 6.O-O Be7 7.d4 cxd4 8.Qxd4 d6
9.Rd1 a6 10.b3 Nbd7 11.e4 Qc7 12.Ba3 Nc5 13.e5 dxe5 14.Qxe5 Rc8 15.Qxc7 Rxc7
16.Bc1 Ncd7 17.Bf4 Rc8 18.Ne5 Bxg2 19.Kxg2 Nxe5 20.Bxe5 O-O 21.Rd3 Rc6 22.Rad1 Rfc8
23.a4 Kf8 24.Ne2 Rc5 25.Bd4 R5c6 26.Ba1 Ke8 27.Kf3 Rd8 28.Rxd8+ Bxd8 29.h3 Be7
30.g4 h6 31.Nd4 Rc8 32.Ke2 Nd7 33.Nf3 g6 34.Bd4 Bc5 35.Ne5 Bxd4 36.Nxd7 Kxd7
37.Rxd4+ Ke7 38.f4 a5 39.Kd3 Rc5 40.Kc3 e5 41.Re4 Ke6 42.Re1 f5 43.gxf5+ Kxf5
44.fxe5 Rxe5 45.Rf1+ Ke6 46.Kd4 Rh5 47.Re1+ Kd6 48.Re3 Rh4+ 49.Kc3 g5 50.b4 axb4+
51.Kxb4 h5 52.Kb5 g4 53.hxg4 Rxg4 54.Rf3 h4 55.Rf6+ Kd7 56.Rh6 Re4 57.Rh5 Rd4
58.Rh8 Rd6 59.Rh7+ Kc8 60.Rxh4 Rg6 61.Rh8+ Kb7 62.Rh7+ Kb8 63.Rf7 Rh6 64.Rd7 Rg6
65.Rh7 Rf6 66.Rh4 Kb7 67.Rh7+ Kb8 68.a5 bxa5 69.c5 a4 70.c6 Rf1 71.Kxa4  1/2-1/2

[Event "WJun"]
[Site "Yerevan ARM"]
[Date "2007.10.04"]
[Round "2"]
[White "Romanov,E"]
[Black "Molner,M"]
[Result "1-0"]
[WhiteElo "2515"]
[BlackElo "2308"]

1.Nf3 Nf6 2.c4 c5 3.Nc3 e6 4.g3 Be7 5.Bg2 O-O 6.O-O Nc6 7.d4 cxd4 8.Nxd4 Qa5
9.Bf4 Qc5 10.Ndb5 Qxc4 11.Rc1 Qb4 12.a3 Qa5 13.b4 Qb6 14.Nc7 Rb8 15.Na4 Qd4
16.Qc2 b5 17.Rfd1 Nxb4 18.axb4 Qxb4 19.Nc3 d6 20.N7xb5  1-0

[Event "WJun"]
[Site "Yerevan ARM"]
[Date "2007.10.06"]
[Round "4"]
[White "Banusz,T"]
[Black "Molner,M"]
[Result "1/2-1/2"]
[WhiteElo "2491"]
[BlackElo "2308"]

1.Nf3 Nf6 2.c4 c5 3.Nc3 e6 4.g3 Be7 5.Bg2 O-O 6.O-O a6 7.e4 d6 8.d4 cxd4
9.Nxd4 Qc7 10.Be3 Nc6 11.Rc1 Nxd4 12.Bxd4 Bd7 13.f4 Rfd8 14.Qb3 Rdc8 15.Ne2 e5
16.Bb6 Ba4 17.Bxc7 Bxb3 18.axb3 Rxc7 19.Nc3 b5 20.cxb5 axb5 21.Nxb5 Rb7 22.Nd4 Bf8
23.Nc6 Rxb3 24.fxe5 dxe5 25.Nxe5 Rxb2 26.Nc4 Rba2 27.Bf3 Rd8 28.e5 Ne8 29.Rcd1 Rxd1
30.Rxd1 Rc2 31.Nd6 Nc7 32.Ne4 Ne6 33.Bg4 Rc4 34.Bf3 Nd4 35.Bg2 Ne2+ 36.Kf1 Nc3
37.Nxc3 Rxc3 38.Rd7 Rc1+ 39.Ke2 Rc2+ 40.Kf3 Rc8 41.Kf4 Re8 42.Bc6 Re7 43.Rd8 g6
44.Bd7 Kg7 45.g4 h6 46.h4 Kh7 47.h5 Bg7 48.hxg6+ fxg6 49.e6 Bf6 50.Rf8 Kg7
51.Rc8 Bg5+ 52.Ke5 Bf6+ 53.Ke4 Bg5 54.Kd5 Bf6 55.Ra8 Bg5 56.Kd6 Bf6 57.Ra5 Kf8
58.Ra8+ Kg7 59.Bc6 Bg5 60.Bd7 Bf6 61.Be8 Bg5 62.Bc6 Bf6 63.Ra5 Kf8 64.Be4 Kg7
65.Rb5 Kh7 66.Ra5 Kg7 67.Bc6 Kf8 68.Bd7 Kg7 69.Ra8 Bg5 70.Be8 Kf6 71.Bd7 Bf4+
72.Kd5 Kg7 73.Be8 Kf6 74.Bf7 Rxf7 75.Ra4 Bg5 76.exf7 Kxf7 77.Ra7+ Kf8 78.Ke6 Kg8
79.Ra5 Kg7 80.Rd5 Bh4  1/2-1/2

[Event "IV Amateur Open"]
[Site "Calvia ESP"]
[Date "2007.10.14"]
[Round "9"]
[White "Chasovnikova,E"]
[Black "Fokin,Se RUS"]
[Result "0-1"]
[WhiteElo "2197"]
[BlackElo "2143"]

1.Nf3 c5 2.c4 Nf6 3.Nc3 e6 4.e4 Nc6 5.Bd3 d6 6.O-O Be7 7.Bc2 e5 8.h3 O-O
9.Nd5 Nxd5 10.exd5 Nb4 11.Bb1 Bd7 12.a3 Na6 13.Re1 f5 14.d4 cxd4 15.b4 Bf6
16.c5 e4 17.c6 d3 18.Bg5 Bxg5 19.Nxg5 Qxg5 20.cxd7 Rad8 21.f3 Qf6 22.Ra2 Qd4+
23.Kh1 Rxd7 24.fxe4 fxe4 25.Qg4 Rdf7 26.Rd2 Rf1+ 27.Rxf1 Rxf1+ 28.Kh2 Qg1+
29.Kg3 Rf3+ 30.Kh4 Qe1+ 31.g3 Qxd2 32.Qxe4 Qh6+ 33.Kg4 Re3 34.Qc4 Qg6+  0-1

[Event "IV Open"]
[Site "Calvia ESP"]
[Date "2007.10.16"]
[Round "2"]
[White "Damljanovic,B"]
[Black "Iturrizaga,E"]
[Result "0-1"]
[WhiteElo "2608"]
[BlackElo "2435"]

1.Nf3 Nf6 2.c4 c5 3.Nc3 e6 4.g3 b6 5.Bg2 Bb7 6.O-O Be7 7.Re1 Ne4 8.d4 Nxc3
9.bxc3 Be4 10.Bf1 O-O 11.Nd2 Bc6 12.e4 d5 13.cxd5 exd5 14.e5 c4 15.f4 b5
16.f5 f6 17.e6 a5 18.Qg4 Qe8 19.Bg2 Na6 20.Nf3 Ra7 21.Nh4 Qd8 22.Ng6 b4 23.Bd2 Nc7
24.Nxf8 Qxf8 25.a4 b3 26.Bf3 Na8 27.Qh3 Nb6 28.Qg2 Qd8 29.g4 Bxa4 30.h4 Be8
31.Bc1 h6 32.g5 fxg5 33.hxg5 Bxg5 34.e7 Bxe7 35.Bxh6 Bf6 36.Bf4 Bf7 37.Qh3 Bg5
38.Be5 Nd7 39.Bd6 Qf6 40.Ba3 Qh6 41.Qxh6 gxh6 42.Re2 Nf6 43.Kg2 Ne4 44.Bxe4 dxe4
45.Kg3 Bd5 46.Kh3 a4 47.Rg1 Kf7 48.Rxg5 hxg5 49.Kg4 Ra8 50.Rh2 Re8 51.Kxg5 Kg8
52.Kg6 e3 53.Rh7 Re6+ 54.fxe6 Be4+ 55.Kf6 Kxh7  0-1

[Event "TCh-ROU Superliga"]
[Site "Predeal ROU"]
[Date "2007.10.16"]
[Round "4"]
[White "Nanu,C"]
[Black "Sergeev,Vl"]
[Result "1/2-1/2"]
[WhiteElo "2526"]
[BlackElo "2507"]

1.c4 c5 2.Nf3 Nf6 3.Nc3 b6 4.g3 Bb7 5.Bg2 e6 6.O-O Be7 7.d4 cxd4 8.Qxd4 d6
9.Rd1 a6 10.b3 Nbd7 11.Bg5 O-O 12.Qd2 Qc8 13.Rac1 Rd8 14.Bf4 Nc5 15.Qc2 h6
16.b4 Nce4 17.Na4 Qc7 18.Be3 Nd7 19.Nd4 Nef6 20.Bxb7 Qxb7 21.b5 axb5 22.cxb5 Nc5
23.Nxc5 dxc5 24.Nc6 Rxd1+ 25.Rxd1 Nd5 26.Bd2 Bf8 27.a4 Ne7 28.Qe4 Rc8 29.Nxe7+ Qxe7
30.Bc3 Qa7 31.Qc4 Ra8 32.Ra1 Qb7 33.e4 Be7 34.a5 bxa5 35.Rxa5 Rd8 36.Qa4 Bf6
37.Ra7 Qb8 38.Bxf6 gxf6 39.Qa6 Kg7 40.b6 Rd6 41.Rb7 Rd1+ 42.Kg2 Ra1 43.Qxa1 Qxb7
44.Qb1 c4 45.Kf1 c3 46.Ke2 c2 47.Qxc2 Qxb6 48.h4 Qb5+  1/2-1/2

[Event "WJun"]
[Site "Yerevan ARM"]
[Date "2007.10.16"]
[Round "13"]
[White "Pileckis,E"]
[Black "Arun,K"]
[Result "1/2-1/2"]
[WhiteElo "2349"]
[BlackElo "2391"]

1.Nf3 Nf6 2.c4 c5 3.Nc3 b6 4.d4 cxd4 5.Nxd4 Bb7 6.f3 e6 7.e4 d6 8.Be3 Be7
9.Be2 a6 10.O-O Nbd7 11.Qd2 O-O 12.Rfd1 Rc8 13.Kh1 Qc7 14.Rac1 Qb8 15.Qe1 Bd8
16.b4 Bc7 17.Qg1 Rfe8 18.Nb3 d5 19.c5 bxc5 20.bxc5 dxe4 21.Nxe4 Bxe4 22.fxe4 Ne5
23.Rd4 Rcd8 24.Ra4 Nd3 25.Rb1 Qa8 26.Nd2 a5 27.Qf1 Ne5 28.Bf4 Qa7 29.Nb3 Ng6
30.Bg5 Rb8 31.Bxf6 gxf6 32.Qxf6 Rb4 33.Rxb4 axb4 34.Qb2 Ra8 35.g3 Qxa2 36.Kg2 Be5
37.Qxa2 Rxa2 38.Kf1 h5 39.c6 h4 40.Rc1 Ra7 41.gxh4 Bc3 42.Rd1 Rc7 43.Bb5 Ne5
44.Na5 b3 45.Nxb3 Nxc6 46.Bxc6 Rxc6 47.Rc1 Rc7 48.Nd2 Be5 49.Rxc7 Bxc7 50.Nf3 Kg7  1/2-1/2